| 000 | 01005cam a2200217 4500 | ||
|---|---|---|---|
| 001 | WB3743-18 | ||
| 008 | 011114n2001 000 0 eng u | ||
| 035 | _a(Sirsi) u115592 | ||
| 245 | _aHazards guidelines extended | ||
| 260 | _c2001 | ||
| 490 |
_aBuilding Trade and Industry _v17(11) November 2001, 1(1) |
||
| 520 | _aThe Health and Safety Commission (HSC) has set out proposals for new regulations governing the use of dangerous substances. The proposed extensions to the "Control of Substances Hazardous to Health Regulations" (COSHH) and "Control of Lead at Work Regulations" (CLAW) are to fit European health requirements that are not provided for in British legislation. HSE web site available at http://www.hse.gov.uk | ||
| 590 | _aWB | ||
| 650 | _aHEALTH AND SAFETY COMMISSION | ||
| 650 | _aCONTROL OF SUBSTANCES HAZARDOUS TO HEALTH REGULATIONS | ||
| 650 | _aHAZARDOUS SUBSTANCES | ||
| 650 | _aCOSHH | ||
| 650 | _aWORK REGULATIONS | ||
| 690 |
_aHealth and safety _96244 |
||
| 942 | _n0 | ||
| 999 |
_c68843 _d68843 |
||